Hospitality Business Development (Record no. 17315)

MARC details
000 -LEADER
fixed length control field 00539nam a22001937a 4500
008 - FIXED-LENGTH DATA ELEMENTS--GENERAL INFORMATION
fixed length control field 181022b xxu||||| |||| 00| 0 eng d
020 ## - INTERNATIONAL STANDARD BOOK NUMBER
International Standard Book Number 1856176095
050 ## - LIBRARY OF CONGRESS CALL NUMBER
Classification number TX910
Item number .H37 2010 c.1
100 ## - MAIN ENTRY--PERSONAL NAME
Personal name Hassanien, Ahmed
245 ## - TITLE STATEMENT
Title Hospitality Business Development
Statement of responsibility, etc. Ahmed Hassanien
260 ## - PUBLICATION, DISTRIBUTION, ETC. (IMPRINT)
Place of publication, distribution, etc. Boston
Name of publisher, distributor, etc. Elsevier
Date of publication, distribution, etc. 2010
300 ## - PHYSICAL DESCRIPTION
Extent xxi, 289p.
650 ## - SUBJECT ADDED ENTRY--TOPICAL TERM
Topical term or geographic name as entry element Hospitality Industry
Form subdivision Management
650 ## - SUBJECT ADDED ENTRY--TOPICAL TERM
Topical term or geographic name as entry element Hotels
Form subdivision Planning
650 ## - SUBJECT ADDED ENTRY--TOPICAL TERM
Topical term or geographic name as entry element Hotels
Form subdivision Marketing
710 ## - ADDED ENTRY--CORPORATE NAME
Corporate name or jurisdiction name as entry element Crispin Dale
710 ## - ADDED ENTRY--CORPORATE NAME
Corporate name or jurisdiction name as entry element Alan Clarke
942 ## - ADDED ENTRY ELEMENTS (KOHA)
Source of classification or shelving scheme Library of Congress Classification
Koha item type General Collection
Holdings
Withdrawn status Lost status Source of classification or shelving scheme Not for loan Home library Current library Date acquired Cost, normal purchase price Total Checkouts Full call number Barcode Date last seen Price effective from Koha item type
    Library of Congress Classification   Kabarak, Main Campus Kabarak, Main Campus 22/10/2018 6750.00   TX910 .H37 2010 c.1 024646 22/10/2018 22/10/2018 General Collection
Designed with assistance from East African Informatics Ltd